=LDR 00000nam 2200000 4500 =001 INLIS000000000012264 =005 20130612103811 =008 ***********************************Ind** =035 ##$$0010-061300000012264 =041 ##$$a Ind =082 ##$$a 511.32 =090 ##$$a 511.32, Jau m =100 ##$$a Jauhari, Maman A =245 ##$$a Materi Pokok Himpunan Kabur ; 1-9 MATK 4450/3/SKS, Maman A.Djauhari =260 ##$$a 1990 $b Jakarta =300 ##$$a 9. Jilid, 30 cm =650 ##$$a Logika Simbolis dan Matematis =850 ##$$a NBPNMAT